| 000 | 00780nam a22001937a 4500 | ||
|---|---|---|---|
| 999 |
_c371212 _d371212 |
||
| 008 | 201127b ||||| |||| 00| 0 eng d | ||
| 040 |
_aDE-2950 _bger _cDE-2950 _erda |
||
| 041 | _ager | ||
| 245 |
_aWarum Tesla mehr Chancen bietet als der Solarboom. _bIndustrie: Wirtschaftsförderer Steffen Kamradt sieht enormes Wachstumspotential für ganz Ostbrandenburg - und vor allem Frankfurt / _cHeinz Kannenberg |
||
| 264 | _c2021 | ||
| 653 | _aOstbrandenburg | ||
| 653 | _aWirtschaft | ||
| 653 | _aElektromobil-Gigafactory / Grünheide | ||
| 773 |
_dFrankfurt (Oder) Märkisches Verlags- und Druckhaus GmbH & Co KG _tMärkische Oderzeitung _g32. Jahrgang (2021) Nr. 289 vom 10.12.2021, S. 13 |
||
| 942 | _cA | ||